Fuel and combustion systems safety : (Record no. 81414)
[ view plain ]
| 000 -LEADER | |
|---|---|
| fixed length control field | 01683nam a2200397 i 4500 |
| 001 - CONTROL NUMBER | |
| control field | ebr10814694 |
| 003 - CONTROL NUMBER IDENTIFIER | |
| control field | CaPaEBR |
| 006 - FIXED-LENGTH DATA ELEMENTS--ADDITIONAL MATERIAL CHARACTERISTICS--GENERAL INFORMATION | |
| fixed length control field | m o d |
| 007 - PHYSICAL DESCRIPTION FIXED FIELD--GENERAL INFORMATION | |
| fixed length control field | cr cn||||||||| |
| 008 - FIXED-LENGTH DATA ELEMENTS--GENERAL INFORMATION | |
| fixed length control field | 131224s2014 nju ob 001 0 eng d |
| 020 ## - INTERNATIONAL STANDARD BOOK NUMBER | |
| Cancelled/invalid ISBN | 9780470533604 |
| International Standard Book Number | 9781118782552 (e-book) |
| 040 ## - CATALOGING SOURCE | |
| Original cataloging agency | CaPaEBR |
| Language of cataloging | eng |
| Description conventions | rda |
| -- | pn |
| Transcribing agency | CaPaEBR |
| 035 ## - SYSTEM CONTROL NUMBER | |
| System control number | (OCoLC)874812844 |
| 050 14 - LIBRARY OF CONGRESS CALL NUMBER | |
| Classification number | TJ320 |
| Item number | .P87 2014eb |
| 082 04 - DEWEY DECIMAL CLASSIFICATION NUMBER | |
| Classification number | 621.402/5 |
| Edition number | 23 |
| 100 1# - MAIN ENTRY--PERSONAL NAME | |
| Personal name | Puskar, John R., |
| Dates associated with a name | 1958- |
| 245 10 - TITLE STATEMENT | |
| Title | Fuel and combustion systems safety : |
| Remainder of title | what you don't know can kill you! / |
| Statement of responsibility, etc | John R. Puskar. |
| 264 #1 - PRODUCTION, PUBLICATION, DISTRIBUTION, MANUFACTURE, AND COPYRIGHT NOTICE | |
| Place of production, publication, distribution, manufacture | Hoboken, New Jersey : |
| Name of producer, publisher, distributor, manufacturer | Wiley, |
| Date of production, publication, distribution, manufacture, or copyright notice | 2014. |
| Date of production, publication, distribution, manufacture, or copyright notice | �2014 |
| 300 ## - PHYSICAL DESCRIPTION | |
| Extent | 1 online resource (347 pages) |
| 336 ## - CONTENT TYPE | |
| Content type term | text |
| Source | rdacontent |
| 337 ## - MEDIA TYPE | |
| Media type term | computer |
| Source | rdamedia |
| 338 ## - CARRIER TYPE | |
| Carrier type term | online resource |
| Source | rdacarrier |
| 504 ## - BIBLIOGRAPHY, ETC. NOTE | |
| Bibliography, etc | Includes bibliographical references at the end of each chapters and index. |
| 588 ## - SOURCE OF DESCRIPTION NOTE | |
| Source of description note | Description based on print version record. |
| 590 ## - LOCAL NOTE (RLIN) | |
| Local note | Electronic reproduction. Palo Alto, Calif. : ebrary, 2015. Available via World Wide Web. Access may be limited to ebrary affiliated libraries. |
| 650 #0 - SUBJECT ADDED ENTRY--TOPICAL TERM | |
| Topical term or geographic name as entry element | Furnaces |
| General subdivision | Safety measures. |
| Topical term or geographic name as entry element | Boilers |
| General subdivision | Safety measures. |
| Topical term or geographic name as entry element | Furnaces |
| General subdivision | Combustion. |
| Topical term or geographic name as entry element | Combustion engineering. |
| 655 #0 - INDEX TERM--GENRE/FORM | |
| Genre/form data or focus term | Electronic books. |
| 776 08 - ADDITIONAL PHYSICAL FORM ENTRY | |
| Display text | Print version: |
| Main entry heading | Puskar, John R., 1958- |
| Title | Fuel and combustion systems safety : what you don't know can kill you!. |
| Place, publisher, and date of publication | Hoboken, New Jersey : Wiley, c2014 |
| Physical description | xv, 327 pages |
| International Standard Book Number | 9780470533604 |
| Record control number | 2013020444 |
| 797 2# - LOCAL ADDED ENTRY--CORPORATE NAME (RLIN) | |
| Corporate name or jurisdiction name as entry element | ebrary. |
| 856 40 - ELECTRONIC LOCATION AND ACCESS | |
| Uniform Resource Identifier | <a href="http://site.ebrary.com/lib/rucke/Doc?id=10814694">http://site.ebrary.com/lib/rucke/Doc?id=10814694</a> |
| Public note | An electronic book accessible through the World Wide Web; click to view |
No items available.
